The revolution of hope : Toward a humanized technology

محفوظ في:
التفاصيل البيبلوغرافية
المؤلف الرئيسي: Fromm, Erich
التنسيق: كتاب
اللغة:Undetermined
منشور في: New York A National general Company 1968
الموضوعات:
الوسوم: إضافة وسم
لا توجد وسوم, كن أول من يضع وسما على هذه التسجيلة!
Thư viện lưu trữ: Trung tâm Học liệu Trường Đại học Cần Thơ
LEADER 00523nam a2200193Ia 4500
001 CTU_86131
008 210402s9999 xx 000 0 und d
082 |a 144 
082 |b F932 
100 |a Fromm, Erich 
245 4 |a The revolution of hope : 
245 0 |b Toward a humanized technology 
245 0 |c Erich Fromm 
260 |a New York 
260 |b A National general Company 
260 |c 1968 
650 |a Civilization,Hope,Humanism 
904 |i Năm 
980 |a Trung tâm Học liệu Trường Đại học Cần Thơ